Statistics for Two Largest Cities in Each Canadian Province/Territory

Click here to take the quiz!

General Stats

  • This quiz has been taken 83 times
  • The average score is 17 of 26

Answer Stats

Province/TerritoryAnswerPopulation% Correct
British ColumbiaVancouver631,000
97%
OntarioToronto2,732,000
95%
AlbertaEdmonton933,000
93%
QuebecMontreal1,705,000
92%
QuebecQuebec City532,000
92%
AlbertaCalgary1,239,000
90%
ManitobaWinnipeg705,000
88%
Northwest TerritoriesYellowknife20,000
87%
Nova ScotiaHalifax403,000
85%
OntarioOttawa934,000
85%
SaskatchewanRegina215,000
85%
New BrunswickSaint John68,000
83%
Newfoundland and LabradorSt. John's109,000
83%
SaskatchewanSaskatoon246,000
80%
YukonWhitehorse25,000
77%
Prince Edward IslandCharlottetown36,000
68%
NunavutIqaluit8,000
67%
New BrunswickMoncton72,000
52%
British ColumbiaSurrey518,000
52%
ManitobaBrandon49,000
48%
Nova ScotiaSydney32,000
35%
YukonDawson City1,000
33%
Prince Edward IslandSummerside15,000
30%
NunavutRankin Inlet3,000
17%
Newfoundland and LabradorConception Bay South26,000
10%
Northwest TerritoriesHay River4,000
10%

Score Distribution

Percentile by Number Answered

Percent of People with Each Score

Your Score History

You have not taken this quiz